Opérations et travaux de banque précis d'un cours élémentaire qui a été fait a la sociéte d'enseignement professionel du Rhone
Na minha lista:
| Autor principal: | |
|---|---|
| Formato: | Livro |
| Idioma: | francês |
| Publicado em: |
Paris
Riviére
1927
|
| Edição: | 12. éd. |
| Tags: |
Sem tags, seja o primeiro a adicionar uma tag!
|
MARC
| LEADER | 00000nam a2200000 4500 | ||
|---|---|---|---|
| 001 | c126681 | ||
| 005 | 20041019155238.6 | ||
| 041 | 0 | |a fre | |
| 044 | |a FR | ||
| 245 | 1 | 0 | |a Opérations et travaux de banque |b précis d'un cours élémentaire qui a été fait a la sociéte d'enseignement professionel du Rhone |c J. Ruotte |
| 250 | |a 12. éd. | ||
| 264 | 1 | |a Paris |b Riviére |c 1927 | |
| 300 | |a 443 s. | ||
| 100 | 1 | |a Ruotte, J. | |